Les pharaons à la conquête de l'art /

Guardat en:
Dades bibliogràfiques
Autor principal: Drioton, Etienne (autor)
Altres autors: Bourguet, Pierre du (autor) (autor)
Format: Llibre
Idioma:francès
Publicat: París?, Francia : Desclée de Brouwer, 1965, c1965
Etiquetes: Afegir etiqueta
Sense etiquetes, Sigues el primer a etiquetar aquest registre!

MARC

LEADER 00000nam^a2200000^a^4500
001 000455698
005 20250521000000.0
009 20260526145602.202
037 |a Acervo Xavier Clavigero 
041 |a FRA 
091 |a FCA. 06013 
100 |a Drioton, Etienne  |e (autor) 
245 1 4 |a Les pharaons à la conquête de l'art / 
264 4 |a París?, Francia :  |b Desclée de Brouwer,  |c 1965, c1965 
300 |a 423 p. 
336 |a texto  |b txt  |2 rdacontenido 
337 |a sin mediación  |b n  |2 rdamedio 
338 |a volumen  |b nc  |2 rdasoporte 
649 |a XX 
700 |a Bourguet, Pierre du  |e (autor) 
910 |a Fondo Xavier Cacho Vázquez S.J. 
920 |a Impresos - Libros 
930 |a Fondos Especiales 
905 |a 131 
901 |a 0500377053  |b IT2  |c ESP  |i D  |u 20250521 
902 |a https://opac.biblio.iteso.mx/vufind/Record/000455698